<?xml version="1.0" encoding="UTF-8"?><?xml-stylesheet type="text/xsl" href="static/style.xsl"?><OAI-PMH xmlns="http://www.openarchives.org/OAI/2.0/" xmlns:xsi="http://www.w3.org/2001/XMLSchema-instance" xsi:schemaLocation="http://www.openarchives.org/OAI/2.0/ http://www.openarchives.org/OAI/2.0/OAI-PMH.xsd"><responseDate>2026-04-18T00:26:27Z</responseDate><request verb="GetRecord" identifier="oai:www.recercat.cat:20.500.12327/1029" metadataPrefix="marc">https://recercat.cat/oai/request</request><GetRecord><record><header><identifier>oai:recercat.cat:20.500.12327/1029</identifier><datestamp>2025-10-22T11:28:28Z</datestamp><setSpec>com_2072_4428</setSpec><setSpec>com_2072_4427</setSpec><setSpec>col_2072_487898</setSpec></header><metadata><record xmlns="http://www.loc.gov/MARC21/slim" xmlns:dcterms="http://purl.org/dc/terms/" xmlns:xsi="http://www.w3.org/2001/XMLSchema-instance" xmlns:doc="http://www.lyncode.com/xoai" xsi:schemaLocation="http://www.loc.gov/MARC21/slim http://www.loc.gov/standards/marcxml/schema/MARC21slim.xsd">
   <leader>00925njm 22002777a 4500</leader>
   <datafield ind2=" " ind1=" " tag="042">
      <subfield code="a">dc</subfield>
   </datafield>
   <datafield ind2=" " ind1=" " tag="720">
      <subfield code="a">Ghaderpour, Sirwe</subfield>
      <subfield code="e">author</subfield>
   </datafield>
   <datafield ind2=" " ind1=" " tag="720">
      <subfield code="a">Estevez, Alicia</subfield>
      <subfield code="e">author</subfield>
   </datafield>
   <datafield ind2=" " ind1=" " tag="260">
      <subfield code="c">2020-12-09</subfield>
   </datafield>
   <datafield ind2=" " ind1=" " tag="520">
      <subfield code="a">Larval rearing and ongrowing of meager have experienced a great advance during the last years and nowadays this species is considered as one of the most important new species in Mediterranean aquaculture. However, larval nutrition in meager still needs some improvements especially regarding live prey enrichment and fatty acid composition. In this study, a trial for larval rearing of meager (Argyrosomus regius) using different commercial products for rotifer enrichment (Multigain, Red Pepper and concentrated microalgae) with and without phospholipids (PL), and with a different fatty acid composition, especially regarding DHA, have been used to assess the growth and survival of the larvae and check the effect of PLs in larval growth. Lipid class composition was the same among the larvae whereas % DHA was always higher in larvae fed Multigain and Red Pepper enriched rotifers. The dominant fatty acids in the PL of the larvae and PL of the diets were well-correlated and the results suggested a close relationship between the composition of dominant PL fatty acids in the rotifer and in the larvae, especially in the case of DHA and 16:0 that show a high correlation.</subfield>
   </datafield>
   <datafield ind1="8" ind2=" " tag="024">
      <subfield code="a">Ghaderpour, Sirwe, and Alicia Estevez. 2020. "Effect Of Short-Term Rotifer Enrichment With Marine Phospholipids On Growth, Survival, And Composition Of Meager (Argyrosomus Regius) Larvae". Frontiers In Marine Science 7. doi:10.3389/fmars.2020.579002.</subfield>
   </datafield>
   <datafield ind1="8" ind2=" " tag="024">
      <subfield code="a">2296-7745</subfield>
   </datafield>
   <datafield ind1="8" ind2=" " tag="024">
      <subfield code="a">http://hdl.handle.net/20.500.12327/1029</subfield>
   </datafield>
   <datafield ind1="8" ind2=" " tag="024">
      <subfield code="a">https://doi.org/10.3389/fmars.2020.579002</subfield>
   </datafield>
   <datafield ind2="0" ind1="0" tag="245">
      <subfield code="a">Effect of short-term rotifer enrichment with marine phospholipids on growth, survival, and composition of meager (Argyrosomus regius) larvae</subfield>
   </datafield>
</record></metadata></record></GetRecord></OAI-PMH>